| 000 | 00467nam a2200205Ia 4500 | ||
|---|---|---|---|
| 005 | 20250207104754.0 | ||
| 008 | 230523s9999 xx 000 0 und d | ||
| 020 | _a8171111297 | ||
| 041 | _aEnglish | ||
| 082 | _a346.082 SET | ||
| 100 | _aSrivastava, A.B. | ||
| 245 | 0 | _aSeth's Commentaries on Banking Laws. Ed.4 | |
| 250 | _a4 | ||
| 260 | _aAllahabad | ||
| 260 | _bLaw Publishers | ||
| 260 | _c2018 | ||
| 300 | _a1470 | ||
| 650 | _aBanking Law | ||
| 942 | _cRB | ||
| 999 |
_c676 _d676 |
||